[Event "3rd Manaus Open 2024"]
[Site "Manaus"]
[Date "2024.10.12"]
[Round "2"]
[White "Santos, Rikelme Amorim Dos"]
[Black "Do Valle Cardoso, Lucas"]
[Result "0-1"]
[WhiteElo "1944"]
[BlackElo "2375"]
[Annotator "RC"]
[PlyCount "61"]
[EventDate "2024.10.05"]
[EventType "swiss"]
[EventCountry "BRA"]
[SourceTitle "playchess.com"]
[Source "ChessBase"]
[SourceQuality "1"]

1. e4 e5 2. Nf3 Nc6 3. Bc4 Nf6 4. d3 Bc5 5. Bg5 d6 6. c3 h6 7. Bh4 g5 8. Bg3 Qe7 9. Nbd2 a6 10. b4 Ba7 11. a4 Nh5 12. Nf1 Nf4 13. Rg1 a5 14. b5 Nd8 15. Ne3 Nde6 16. Bxf4 Nxf4 17. g3 Nh3 18. Rf1 c6 19. Rb1 Bc5 20. Kd2 O-O 21. Ng1 Nxg1 22. Rxg1 Kg7 23. Qf3 f5 24. Nxf5+ Bxf5 25. exf5 d5 26. Bb3 e4 27. Qg4 h5 28. Qxh5 Rxf5 29. Rh1 Rxf2+ 30. Kd1 Rh8 31. Ke1 0-1

[Event "3rd Manaus Open 2024"]
[Site "Manaus"]
[Date "2024.10.12"]
[Round "2"]
[White "Naief Moreira, Cleber"]
[Black "Hoffman, Alejandro"]
[Result "0-1"]
[WhiteElo "1940"]
[BlackElo "2356"]
[Annotator "RC"]
[PlyCount "70"]
[EventDate "2024.10.05"]
[EventType "swiss"]
[EventCountry "BRA"]
[SourceTitle "playchess.com"]
[Source "ChessBase"]
[SourceQuality "1"]

1. e4 c5 2. Nf3 g6 3. c3 Bg7 4. d4 cxd4 5. cxd4 d5 6. e5 Bg4 7. Bb5+ Nc6 8. Bxc6+ bxc6 9. O-O Bxf3 10. Qxf3 Qb6 11. Qc3 f6 12. Be3 fxe5 13. dxe5 Qc7 14. f4 Nh6 15. Nd2 O-O 16. Rac1 Rac8 17. Nb3 g5 18. g3 gxf4 19. gxf4 Qd7 20. Rc2 Kh8 21. Nc5 Qf5 22. Qd3 Rg8 23. Qxf5 Nxf5 24. Kf2 Bh6 25. b3 Rg2+ 26. Kxg2 Nxe3+ 27. Kf3 Nxc2 28. Ne6 c5 29. Rc1 Nb4 30. Nxc5 Nxa2 31. Rc2 Nb4 32. Rc3 Bxf4 33. Kxf4 Rxc5 34. Rg3 d4 35. Kf5 Nc6 0-1

[Event "3rd Manaus Open 2024"]
[Site "Manaus"]
[Date "2024.10.12"]
[Round "2"]
[White "Barbosa, Celio Oliveira"]
[Black "Filgueiras, Nathan Felipe"]
[Result "0-1"]
[WhiteElo "1916"]
[BlackElo "2343"]
[Annotator "RC"]
[PlyCount "96"]
[EventDate "2024.10.05"]
[EventType "swiss"]
[EventCountry "BRA"]
[SourceTitle "playchess.com"]
[Source "ChessBase"]
[SourceQuality "1"]
[TimeControl "5400+30"]

1. Nf3 Nf6 2. g3 d5 3. d4 e6 4. Bg2 Be7 5. O-O O-O 6. c4 c6 7. Qc2 Nbd7 8. Nbd2 b6 9. b3 Bb7 10. Bb2 c5 11. cxd5 exd5 12. Rac1 Re8 13. Rfe1 Rc8 14. Qb1 Bf8 15. e3 Qe7 16. Bf1 a6 17. Bd3 Ne4 18. Bf1 Ndf6 19. Bh3 Rcd8 20. Qc2 Bc8 21. Bxc8 Rxc8 22. Qd3 Qe6 23. Qf1 Qf5 24. Qg2 a5 25. Nxe4 Nxe4 26. Nh4 Qe6 27. f3 Nd6 28. Qd2 c4 29. Ng2 f6 30. Ba3 Ne4 31. fxe4 Bxa3 32. exd5 Bxc1 33. Rxc1 Qxd5 34. Nf4 Qe4 35. bxc4 Qxe3+ 36. Qxe3 Rxe3 37. Kf2 Ra3 38. Rc2 Kf7 39. Nd5 Rd3 40. Nxb6 Rc6 41. Ke2 Rxd4 42. Ke3 Rd1 43. c5 Ke6 44. Rc4 Re1+ 45. Kd3 Re5 46. Na4 f5 47. h4 Re1 48. g4 g6 0-1

[Event "3rd Manaus Open 2024"]
[Site "Manaus"]
[Date "2024.10.12"]
[Round "2.1"]
[White "Leitao, Rafael"]
[Black "Lira, Suan Bruno Fernandes"]
[Result "1-0"]
[WhiteElo "2592"]
[BlackElo "2037"]
[Annotator "TA"]
[PlyCount "61"]
[EventDate "2024.10.05"]
[EventType "swiss"]
[EventCountry "BRA"]
[SourceTitle "playchess.com"]
[Source "ChessBase"]
[SourceQuality "1"]
[TimeControl "5400+30"]

{[%evp 9,61,13,18,14,16,10,14,10,7,2,16,18,34,10,99,108,100,101,113,115,120,118,115,104,112,111,116,137,133,123,121,74,113,123,379,364,340,373,338,345,330,329,581,574,29985,29985,29988,29989,29989,29990,29994,29993,29993,29994]} 1. e4 {[%emt 0:00:59]} c6 {[%emt 0:01:38]} 2. d4 {[%emt 0:00:21]} d5 {[%emt 0:00:08]} 3. e5 {[%emt 0:00:40]} Bf5 {[%emt 0:00:07]} 4. Nd2 {[%emt 0:00:10]} e6 {[%emt 0:00:49]} 5. Nb3 {[%emt 0:00:11]} a6 {[%emt 0:01:52]} 6. Nf3 {[%emt 0:02:06]} c5 {[%emt 0:06:14]} 7. Nxc5 {[%emt 0:01:29]} Bxc5 {[%emt 0:01:02]} 8. dxc5 {[%emt 0:00:07] Die Stellung ist ausgeglichen.} Qa5+ {[%emt 0:00:10]} 9. c3 {[%emt 0:00:14]} Qxc5 {[%emt 0:00:07]} 10. Nd4 {[%emt 0:03:51]} Ne7 {[%emt 0:28:22] Schwarz hat schwache schwarze Felder} 11. Be2 {[%emt 0:18:53]} O-O {[%emt 0:04:50]} (11... Nbc6 $11) 12. g4 $1 $16 {[%emt 0:08:08]} Be4 {[%emt 0:01:32][%cal Bf5e4,Be4g6,Bg6h5][%mdl 32]} 13. f3 {[%emt 0:00:22]} Bg6 {[%emt 0:00:08]} 14. h4 $1 {[%emt 0:00:19] h5 wäre nun fies.} h5 {[%emt 0:00:56]} 15. gxh5 {[%emt 0:01:25]} Bxh5 {[%emt 0:01:28]} 16. Qd2 $1 {[%emt 0:04:21] Zielt auf Qg5 ab.} Nbc6 {[%emt 0:20:09]} 17. Qg5 {[%emt 0:26:14] Droht stark Be3.} Nxd4 {[%emt 0:00:43]} 18. cxd4 {[%emt 0:00:04]} Qb4+ {[%emt 0:00:05] [#]} 19. Bd2 $1 {[%emt 0:00:55]} Qxb2 {[%emt 0:00:18]} 20. Rd1 $40 {[%emt 0:04:29][%mdl 128] Weiss riecht Blut.} Nf5 {[%emt 0:01:25][%cal Ob2d4]} 21. Qxh5 {[%emt 0:02:15]} Ng3 $2 {[%emt 0:03:26][%mdl 8192] [#] Danach kann Schwarz die Partie nicht mehr halten.} (21... Qxa2 $2 {geht unter.} 22. Bd3 f6 23. Qg6 $18) (21... Qxd4 $16 22. Qg4 Qxe5) 22. Qg4 $1 $18 {[%emt 0:00:06]} Nxh1 {[%emt 0:00:28]} 23. Bh6 {[%emt 0:05:43][%csl Gh6][%cal Rg4g7]} g6 {[%emt 0:01:33]} ({Schwächer ist} 23... Qxa2 24. Qxg7#) 24. h5 {[%emt 0:04:58]} Qc2 {[%emt 0:01:32][%cal Oc2f5]} 25. Qh4 {[%emt 0:01:07] Und Qf6 würde nun gewinnen.} Ng3 $2 {[%emt 0:16:28]} (25... Qf5) 26. Qxg3 {[%emt 0:00:30]} Rfc8 {[%emt 0:00:37]} 27. Bd3 {[%emt 0:00:22] Weiß setzt Matt.} Qc3+ {[%emt 0:00:21]} 28. Ke2 {[%emt 0:00:11]} Qc7 {[%emt 0:06:24]} 29. Rg1 {[%emt 0:01:51]} Qa5 {[%emt 0:01:26]} 30. hxg6 {[%emt 0:00:44]} Qxa2+ {[%emt 0:00:33]} 31. Ke3 {[%emt 0:00:07] Gewichteter Fehlerwert: Weiß=0.01 (makellos) /Schwarz=0.58.  Verlustzug:     	---       	Schwarz=1     Fehler:       	---       	Schwarz=2     Ungenau:       	---       	Schwarz=2     OK:         	Weiß=4     	Schwarz=7     Bester:       	Weiß=6     	Schwarz=4     Stark:        	Weiß=5     	---} 1-0

[Event "3rd Manaus Open 2024"]
[Site "Manaus"]
[Date "2024.10.12"]
[Round "2.2"]
[White "Silverio, Vitor Luis De Jesus"]
[Black "Fier, Alexandr"]
[Result "0-1"]
[WhiteElo "2016"]
[BlackElo "2539"]
[Annotator "TA"]
[PlyCount "92"]
[EventDate "2024.10.05"]
[EventType "swiss"]
[EventCountry "BRA"]
[SourceTitle "playchess.com"]
[Source "ChessBase"]
[SourceQuality "1"]
[TimeControl "5400+30"]

{[%evp 12,92,23,22,26,6,22,19,18,-7,-6,-46,-50,-46,-46,-45,-33,-56,-61,-54,-46,-59,-56,-119,-124,-126,-102,-104,-110,-110,-56,-53,-41,-31,13,-12,-2,-7,-4,-14,47,-13,-12,-14,-18,-44,-44,-42,-44,-40,-38,-40,-40,-40,-40,-66,-40,-104,-100,-102,-104,-96,-100,-120,-119,-124,-83,-83,-83,-83,-83,-577,-577,-523,-518,-1051,-958,-6475,-5964,-6091,-5604,-2228,-1732]} 1. e4 {[%emt 0:03:44]} c5 {[%emt 0:00:02]} 2. Nf3 {[%emt 0:00:09]} d6 {[%emt 0:00:03]} 3. d4 {[%emt 0:00:23]} cxd4 {[%emt 0:00:03]} 4. Nxd4 {[%emt 0:00:08]} Nf6 {[%emt 0:00:02]} 5. Nc3 {[%emt 0:00:06]} Bd7 {[%emt 0:00:04]} 6. Bg5 {[%emt 0:01:03]} e6 {[%emt 0:00:05]} 7. Qd2 {[%emt 0:00:52]} a6 {[%emt 0:00:32]} 8. O-O-O {[%emt 0:00:36]} h6 {[%emt 0:00:05]} 9. Bxf6 {[%emt 0:02:27]} Qxf6 {[%emt 0:00:10] Die Stellung ist ausgeglichen.} 10. Bc4 {[%emt 0:02:53]} Nc6 {[%emt 0:00:16]} 11. Bb3 {[%emt 0:01:45]} Nxd4 {[%emt 0:00:11]} 12. Qxd4 {[%emt 0:00:08]} Qxd4 {[%emt 0:00:03]} 13. Rxd4 {[%emt 0:00:08]} Bc6 {[%emt 0:00:38]} 14. f3 {[%emt 0:00:19]} g5 {[%emt 0:00:32]} 15. a4 {[%emt 0:05:48]} Ke7 {[%emt 0:01:08]} 16. a5 {[%emt 0:07:15]} Bg7 {[%emt 0:00:07]} 17. Rd3 {[%emt 0:00:13]} (17. Rb4 $15) 17... Be5 $17 {[%emt 0:00:19]} 18. Kb1 {[%emt 0:03:34]} Rag8 {[%emt 0:01:32]} 19. h3 {[%emt 0:02:44]} h5 {[%emt 0:00:08]} 20. Ba4 {[%emt 0:01:54]} Bxc3 {[%emt 0:00:44]} (20... Rb8 $17 {Und ...Bxc3 würde nun gewinnen.} 21. Bxc6 bxc6) 21. Bxc6 $15 {[%emt 0:00:07]} Bxb2 {[%emt 0:00:02]} ({Natürlich nicht} 21... Bxa5 22. Bxb7 Rb8 23. Bxa6 $14) 22. Bxb7 {[%emt 0:01:20]} Be5 {[%emt 0:00:05]} 23. Rb3 {[%emt 0:03:45][%cal Ob1a2]} Rb8 {[%emt 0:00:04][%cal Oe5c3]} 24. Kc1 {[%emt 0:15:57][%cal Oc1d2]} Kf6 {[%emt 0:02:17]} 25. Kd2 {[%emt 0:01:38][%cal Oh1b1]} Bd4 {[%emt 0:00:04]} ({Vorzuziehen ist} 25... Rhe8 $11) 26. h4 {[%emt 0:20:18]} (26. Kd3 $14 Be5 27. Rhb1) 26... Rhg8 {[%emt 0:00:40]} 27. Bxa6 {[%emt 0:03:10]} Ra8 {[%emt 0:00:29]} 28. Be2 {[%emt 0:06:53]} Rxa5 {[%emt 0:00:28]} 29. hxg5+ {[%emt 0:00:27]} Rgxg5 {[%emt 0:00:03]} 30. g4 {[%emt 0:01:24]} hxg4 {[%emt 0:00:32]} 31. fxg4 {[%emt 0:00:10]} Ra7 {[%emt 0:00:51]} 32. Rh5 {[%emt 0:02:35]} Be5 {[%emt 0:01:27]} 33. Rbh3 {[%emt 0:03:11]} Bf4+ {[%emt 0:00:18]} 34. Kd3 {[%emt 0:00:45]} ({Besser ist} 34. Ke1 $15) 34... Ra3+ $17 {[%emt 0:00:06]} 35. Kc4 {[%emt 0:01:29]} Ra4+ {[%emt 0:00:04]} 36. Kd3 {[%emt 0:00:17]} Ke5 {[%emt 0:00:06] Schwarz hat aktiveres Spiel.} 37. Rxg5+ {[%emt 0:01:51]} Bxg5 {[%emt 0:00:08][%mdl 4096] Endspiel. KRB-KRB} 38. Rh5 {[%emt 0:06:56]} f6 {[%emt 0:00:05]} 39. Bf3 {[%emt 0:00:31]} Ra3+ {[%emt 0:00:08]} 40. c3 {[%emt 0:00:03]} Ra2 {[%emt 0:00:08] Weiss muss nun ...d5 beachten.} 41. Rh3 $2 {[%emt 0:00:30][%mdl 8192] [#] Danach ist Weiß chancenlos.} (41. Kc4 $17) 41... d5 $1 $19 {[%emt 0:00:20] Schwarz steht klar auf Gewinn.} 42. exd5 {[%emt 0:00:18]} exd5 {[%emt 0:00:03][%csl Gg5][%cal Ra2d2]} 43. c4 {[%emt 0:00:29]} (43. Bxd5 $142 Kxd5 44. c4+ Kc5 45. Rh8) 43... Ra3+ {[%emt 0:00:04]} 44. Kc2 {[%emt 0:01:40]} dxc4 {[%emt 0:00:04]} (44... Kf4 45. cxd5 Rxf3 46. Rh8 Kxg4 47. Rh1) 45. Kb2 {[%emt 0:00:16]} Rd3 {[%emt 0:00:05]} 46. Kc2 {[%emt 0:00:19]} Kd4 {[%emt 0:00:06] Gewichteter Fehlerwert: Weiß=0.61/Schwarz=0.19 (sehr präzise) .  Verlustzug:     	Weiß=1     	---        Fehler:       	Weiß=4     	Schwarz=2     Ungenau:       	Weiß=4     	Schwarz=3     OK:         	Weiß=9     	Schwarz=17    Bester:       	Weiß=4     	Schwarz=2     Stark:        	---       	Schwarz=1} 0-1

[Event "3rd Manaus Open 2024"]
[Site "Manaus"]
[Date "2024.10.12"]
[Round "2.4"]
[White "Cordero, Daniela"]
[Black "Delgado Ramirez, Neuris"]
[Result "0-1"]
[WhiteElo "2004"]
[BlackElo "2496"]
[Annotator "RC"]
[PlyCount "77"]
[EventDate "2024.10.05"]
[EventType "swiss"]
[EventCountry "BRA"]
[SourceTitle "playchess.com"]
[Source "ChessBase"]
[SourceQuality "1"]
[TimeControl "5400+30"]

1. d4 {[%emt 0:05:43]} Nf6 {[%emt 0:00:11]} 2. Nf3 {[%emt 0:00:10]} e6 {[%emt 0:00:13]} 3. e3 {[%emt 0:00:09]} c5 {[%emt 0:00:17]} 4. Bd3 {[%emt 0:00:23]} Nc6 {[%emt 0:00:14]} 5. O-O {[%emt 0:00:56]} d5 {[%emt 0:00:26]} 6. b3 {[%emt 0:00:25]} Be7 {[%emt 0:02:12]} 7. Bb2 {[%emt 0:00:14]} O-O {[%emt 0:01:11]} 8. a3 {[%emt 0:00:54]} b6 {[%emt 0:01:28]} 9. Nbd2 {[%emt 0:02:01]} Bb7 {[%emt 0:00:53]} 10. Ne5 {[%emt 0:05:01]} a6 {[%emt 0:10:39]} 11. Ndf3 {[%emt 0:07:13]} Nxe5 {[%emt 0:03:23]} 12. Nxe5 {[%emt 0:00:23]} b5 {[%emt 0:00:27]} 13. dxc5 {[%emt 0:03:52]} Bxc5 {[%emt 0:00:33]} 14. Ng4 {[%emt 0:08:44]} Ne4 {[%emt 0:03:33]} 15. Qe2 {[%emt 0:12:52]} f6 {[%emt 0:03:33]} 16. f3 {[%emt 0:02:54]} Nd6 {[%emt 0:03:14]} 17. Kh1 {[%emt 0:05:57]} e5 {[%emt 0:02:58]} 18. Qe1 {[%emt 0:04:02]} e4 {[%emt 0:02:26]} 19. fxe4 {[%emt 0:00:44]} dxe4 {[%emt 0:00:09]} 20. Be2 {[%emt 0:00:38]} Qe7 {[%emt 0:05:27]} 21. Qg3 {[%emt 0:04:00]} Kh8 {[%emt 0:00:07]} 22. h4 {[%emt 0:06:13]} Bc8 {[%emt 0:00:57]} 23. Nxf6 {[%emt 0:10:45]} gxf6 {[%emt 0:01:25]} 24. Rxf6 {[%emt 0:02:14]} Rxf6 {[%emt 0:03:23]} 25. Qg5 {[%emt 0:00:21]} Ne8 {[%emt 0:00:27]} 26. Rf1 {[%emt 0:00:51]} Bxa3 {[%emt 0:07:29]} 27. Ba1 {[%emt 0:01:38]} Ra7 {[%emt 0:03:43]} 28. Rxf6 {[%emt 0:00:35]} Ng7 {[%emt 0:00:27]} 29. h5 {[%emt 0:07:55]} Rd7 {[%emt 0:18:08]} 30. h6 {[%emt 0:00:44]} Kg8 {[%emt 0:00:10]} 31. hxg7 {[%emt 0:03:46]} Qd8 {[%emt 0:00:39]} 32. Bh5 {[%emt 0:03:40]} h6 {[%emt 0:03:35]} 33. Qf4 {[%emt 0:00:30]} Rxg7 {[%emt 0:01:39]} 34. Bd4 {[%emt 0:00:28]} Qd5 {[%emt 0:00:41]} 35. g4 {[%emt 0:00:33]} Qg5 {[%emt 0:03:53]} 36. Bf7+ {[%emt 0:00:30]} Kh7 {[%emt 0:01:46]} 37. Qxe4+ {[%emt 0:00:05]} Kh8 {[%emt 0:00:05]} 38. Qe8+ {[%emt 0:00:30]} Kh7 {[%emt 0:00:03]} 39. Bg6+ {[%emt 0:00:37]} 0-1

[Event "3rd Manaus Open 2024"]
[Site "Manaus"]
[Date "2024.10.12"]
[Round "2.5"]
[White "Di Berardino, Diego Rafael"]
[Black "Mesquita, Eduardo Barbosa"]
[Result "1-0"]
[WhiteElo "2479"]
[BlackElo "1999"]
[Annotator "RC"]
[PlyCount "105"]
[EventDate "2024.10.05"]
[EventType "swiss"]
[EventCountry "BRA"]
[SourceTitle "playchess.com"]
[Source "ChessBase"]
[SourceQuality "1"]
[TimeControl "5400+30"]

1. Nf3 {[%emt 0:06:42]} Nf6 {[%emt 0:00:39]} 2. c4 {[%emt 0:00:08]} e6 {[%emt 0:00:42]} 3. g3 {[%emt 0:00:07]} d5 {[%emt 0:00:48]} 4. Bg2 {[%emt 0:00:04]} Be7 {[%emt 0:00:45]} 5. O-O {[%emt 0:00:08]} O-O {[%emt 0:00:08]} 6. b3 {[%emt 0:00:07]} b6 {[%emt 0:01:44]} 7. Bb2 {[%emt 0:01:39]} Nbd7 {[%emt 0:00:43]} 8. cxd5 {[%emt 0:02:45]} exd5 {[%emt 0:01:14]} 9. d4 {[%emt 0:09:06]} c5 {[%emt 0:01:19]} 10. Nc3 {[%emt 0:02:55]} Bb7 {[%emt 0:01:09]} 11. Nh4 {[%emt 0:16:21]} Re8 {[%emt 0:04:25]} 12. Nf5 {[%emt 0:02:09]} Bf8 {[%emt 0:04:10]} 13. dxc5 {[%emt 0:00:08]} Nxc5 {[%emt 0:01:07]} 14. Qd2 {[%emt 0:09:06]} h6 {[%emt 0:15:37]} 15. Rad1 {[%emt 0:00:39]} Rc8 {[%emt 0:08:35]} 16. Rfe1 {[%emt 0:09:30]} Nfe4 {[%emt 0:08:57]} 17. Nxe4 {[%emt 0:02:08]} Nxe4 {[%emt 0:02:59]} 18. Qf4 {[%emt 0:00:05]} Qg5 {[%emt 0:03:17]} 19. Qxg5 {[%emt 0:17:40]} hxg5 {[%emt 0:04:27]} 20. Rc1 {[%emt 0:00:36]} Ba6 {[%emt 0:05:59]} 21. f3 {[%emt 0:05:55]} Rxc1 {[%emt 0:04:04]} 22. Rxc1 {[%emt 0:00:03]} Nc5 {[%emt 0:01:39]} 23. Nd4 {[%emt 0:08:26]} Bxe2 {[%emt 0:03:07]} 24. Re1 {[%emt 0:01:29]} Bb5 {[%emt 0:01:03]} 25. Rxe8 {[%emt 0:00:31]} Bxe8 {[%emt 0:00:09]} 26. Bc1 {[%emt 0:01:07]} f6 {[%emt 0:06:08]} 27. f4 {[%emt 0:01:19]} gxf4 {[%emt 0:02:11]} 28. Bxd5+ {[%emt 0:00:09]} Bf7 {[%emt 0:00:13]} 29. Bxf7+ {[%emt 0:00:04]} Kxf7 {[%emt 0:00:09]} 30. Bxf4 {[%emt 0:00:34]} Nd3 {[%emt 0:01:08]} 31. Kg2 {[%emt 0:00:33]} a6 {[%emt 0:02:32]} 32. Kf3 {[%emt 0:00:55]} g5 {[%emt 0:02:51]} 33. Bd2 {[%emt 0:01:07]} Bc5 {[%emt 0:01:13]} 34. Ke4 {[%emt 0:01:23]} Nf2+ {[%emt 0:00:29]} 35. Kd5 {[%emt 0:00:07]} Ng4 {[%emt 0:00:25]} 36. h4 {[%emt 0:00:10]} gxh4 {[%emt 0:00:22]} 37. gxh4 {[%emt 0:00:03]} Ne5 {[%emt 0:02:40]} 38. Bc3 {[%emt 0:01:29]} Ng6 {[%emt 0:01:47]} 39. Nf5 {[%emt 0:00:38]} Bf2 {[%emt 0:00:42]} 40. Kc6 {[%emt 0:00:15]} b5 {[%emt 0:00:29]} 41. h5 {[%emt 0:00:38]} Nf4 {[%emt 0:00:57]} 42. Nd6+ {[%emt 0:01:21]} Ke6 {[%emt 0:00:32]} 43. h6 {[%emt 0:00:31]} Nd5 {[%emt 0:04:08]} 44. h7 {[%emt 0:00:08]} Ne7+ {[%emt 0:00:20]} 45. Kb7 {[%emt 0:00:11]} Ng6 {[%emt 0:00:24]} 46. Ne4 {[%emt 0:00:34]} Bh4 {[%emt 0:00:51]} 47. Kxa6 {[%emt 0:00:08]} f5 {[%emt 0:00:46]} 48. Nc5+ {[%emt 0:00:22]} Kd5 {[%emt 0:01:00]} 49. Kxb5 {[%emt 0:01:12]} f4 {[%emt 0:01:05]} 50. h8=Q {[%emt 0:00:53]} Nxh8 {[%emt 0:00:12]} 51. Bxh8 {[%emt 0:00:04]} f3 {[%emt 0:00:21]} 52. Nd3 {[%emt 0:00:03]} Bg3 {[%emt 0:00:52]} 53. a4 {[%emt 0:00:31]} 1-0